00553nam a2200193Ia 450000500170000000800410001702000290005804000190008704100120010608200160011810000220013424500900015625000110024626000260025730000160028365000260029970000240032585000100034920240304134534.0140110s9999 xx 000 0 und d a9788131207260cRs.450.00 aLoreto College aEnglish a004.22bHEN aHennessy, John L. aComputer architecturebA quantitative approachcJohn L.Hennessy and David A.Patterson a4th ed aNoidabElsevierc2009 axxvii,423p  aComputer architecture aPatterson, David A. aLCLIB